Taylor Swift mystery lyrics #74 - Statistics

General Stats
  • This quiz has been taken 77 times
  • The average score is 158 of 240
Answer Stats
Answer % Correct
I
100%
me
97%
you
97%
You
97%
a
95%
the
95%
The
95%
my
92%
My
92%
in
90%
do
88%
Do
88%
to
88%
when
88%
I'm
87%
your
87%
and
85%
And
85%
be
85%
did
83%
No
83%
no
83%
that
83%
What
83%
on
82%
say
82%
but
80%
It's
80%
of
80%
too
80%
like
78%
she
78%
She
78%
know
77%
all
75%
for
75%
think
75%
I'd
73%
see
73%
They
73%
her
72%
time
70%
about
65%
will
65%
Every
62%
has
62%
one
62%
women
62%
at
60%
Does
60%
does
60%
get
60%
woman
60%
mad
58%
from
57%
won't
57%
you'll
57%
likes
55%
Or
55%
should
55%
went
55%
more
53%
nothing
53%
out
53%
call
52%
'cause
52%
face
52%
made
52%
home
50%
Now
50%
back
48%
shame
48%
there's
48%
angry
47%
took
47%
always
45%
crazy
45%
Crazy
45%
everything
45%
forever
45%
over
45%
scorpion
45%
seem
45%
drive
43%
really
43%
taking
43%
around
42%
come
42%
kill
42%
mouth
42%
sting
42%
brought
40%
Doing
40%
fighting
40%
Fuck
40%
Move
40%
'til
40%
wanting
40%
Good
38%
hunting
38%
smile
38%
two
38%
something
37%
talk
37%
together
37%
witches
37%
dead
35%
find
35%
lawn
35%
people
35%
sing
35%
strike
35%
neighbor's
33%
poke
33%
work
33%
wrap
33%
bear
32%
claws
32%
each
32%
obvious
32%
side
32%
Watching
32%
watching
32%
wives
32%
dirtiest
30%
noose
30%
spin
30%
climb
28%
couple
28%
flames
28%
master
28%
breathe
27%
cannons
27%
flings
27%
yacht
27%
firin'
25%
scathing
25%
No matching quizzes found
Score Distribution
Percent of People with Each Score
Percentile by Number Answered
Your Score History
You have not taken this quiz